Las crónicas de Narnia : El sobrino del mago /

保存先:
書誌詳細
第一著者: Lewis, C.S (autor)
その他の著者: Baynes, Pauline (ilustración) (ilustración)
フォーマット: 図書
言語:スペイン語
出版事項: Santiago, Chile : Universidad Diego Portales, 2016, c2005
主題:
タグ: タグ追加
タグなし, このレコードへの初めてのタグを付けませんか!

MARC

LEADER 00000nam^a2200000^a^4500
001 000394999
005 20250521000000.0
009 20260310121350.504
020 |a 978-970-37-0426-2 
020 |a 970-37-0426-3 
037 |a Acervo ITESO - Biblioteca 
041 |a ESP 
082 |a 808. 899282  |b LEW V. 1 
100 |a Lewis, C.S.  |e (autor) 
240 1 5 |a [Las crónicas de Narnia] 
240 1 5 |a [Las crónicas de Narnia: El sobrino del mago] 
240 1 4 |a [El sobrino del mago] 
245 1 4 |a Las crónicas de Narnia :  |b El sobrino del mago /  |c C.S. Lewis ; il. de P. Baynes ; tr. por Gemma Gallart. 
264 4 |a Santiago, Chile :  |b Universidad Diego Portales,  |c 2016, c2005 
300 |a 251 p. 
336 |a texto  |b txt  |2 rdacontenido 
337 |a sin mediación  |b n  |2 rdamedio 
338 |a volumen  |b nc  |2 rdasoporte 
500 |a Traducción de: The Chronicles of Narnia: The Magician's Nephew 
521 |a Peticiones 2017 
649 |a XX 
650 |a Novela Irlandesa 
650 |a Novela Inglesa 
650 |a Literatura Infantil -  |z Irlanda del Norte 
650 |a Literatura Infantil -  |z Inglaterra 
650 |a Literatura Fantástica -  |z Irlanda del Norte 
650 |a Literatura Fantástica -  |z Inglaterra 
650 |a Literatura Irlandesa -  |y Siglo XX 
650 |a Literatura Inglesa -  |y Siglo XX 
740 3 |a El sobrino del mago /  |c C.S. Lewis ; il. de P. Baynes ; tr. por Gemma Gallart. 
700 |a Baynes, Pauline  |e (ilustración) 
910 |a Fondo General 
920 |a Impresos - Libros 
930 |a Colección General 
940 |a Literatura 
905 |a 101 
901 |a 0500290167  |b IT1  |c LIT  |i C155773  |u 20250521 
902 |a https://opac.biblio.iteso.mx/vufind/Record/000394999